| 000 | 00586nam a2200181 i 4500 | ||
|---|---|---|---|
| 999 |
_c7591 _d7591 |
||
| 003 | OSt | ||
| 005 | 20211222131044.0 | ||
| 008 | 210616s2021 sp |||| | u0|| 0|spa d | ||
| 020 | _a9788441544161 | ||
| 040 |
_aB-UPV _bspa _cCDMR |
||
| 100 |
_aCastro Fernández, Valvanera _94793 |
||
| 245 | 1 | 3 |
_aLa aventura de innovar : _bguía de navegación para empresas y emprendedores / _cValvanera Castro Fernández |
| 260 |
_aMadrid : _bAnaya Multimedia, _c2021 |
||
| 300 |
_a280 p. : _bil. ; _c23 cm |
||
| 650 | 0 |
_93077 _aEmprenedoria |
|
| 650 | 0 |
_94314 _aEmpreses _xCreació |
|
| 942 |
_2udc _cMON |
||